Регионална библиотека "Любен Каравелов" - Русе

Наследниците на Винету (Запис номер 184)

MARC детайли
000 -Лидер
Контролно поле с фиксирана дължина nam a22 a 4500
003 - Код на организацията, давaща контролен номер
Контролно поле BLK
005 - Дата и час на последна редакция
Контролно поле 20230509160350.0
008 - Елементи от данни с фиксирана дължина
fixed length control field 180412b bul|||||r ||||||| ||bul||
010 ## - Наследен системен номер
LC control number KNG00000275000
020 ## - Международен стандартен номер на книга ISBN
Международен стандартен номер на книга ISBN 954-434-020-3
040 ## - Източник на каталожния запис
Идентификатор на билиотеката - собственик на записа BLK
041 ## - Код за език
Код за езика на текст/звукозапис или на отделно заглавие Български
Код за езика КДБФ Български
080 ## - УДК
Текстов определител УДК Немска литература
УДК код - определител по УДК 821.112.2
УДК определител -93-31
УДК - код + определител 821.112.2-93-31
100 1# - Редна дума - Автор
Автор Май, Карл
Авторска отговорност първи автор
R(LIN) 241916
139 ## - Редно поле
Редна дума Май, Карл
Авторски знак Маи - М 16
245 10 - Сведения за заглавието
Заглавие Наследниците на Винету
Подзаглавни данни Роман [за юноши] : Ч. 1 - 2
Редно поле (дума) Карл Май; прев. от нем. Любомир Спасов.
Том Ч. 1
257 ## - Страна на издаване
Страна на създаване/издаване Германия
260 ## - Област на издателските данни
Място на издаване, разпространение и проч. Пловдив
Име на издателя, разпространителя и проч. Калем 90
Година на издаване 1993 -
Печатница Ямбол : Абагар
300 ## - Физическа характеристика
Размери/Мащаб 20 см
Страници 223 с.
Илюстрации и др. с ил.
380 ## - Жанр
Жанр Детска худож. лит.
500 ## - Общи забележки
Забележка Ориг. загл. Winnetous Erben / Karl May. - 10 000 тир.
653 ## - Ключова дума – ненормативна
Ключова дума романи
653 ## - Ключова дума – ненормативна
Ключова дума литература за деца
700 1# - Други автори (авторска отговорност)
Лично име Спасов, Любомир
Автороска отговорност (Описва отношението между автора и произведението) прев. от нем.
9 (RLIN) 241917
760 1# - Описание на основната серия
Редна дума на основното описание Май, Карл
Място на издаване, издател и година Калем 90, 1993
Страници - том 223 с. : с ил.
Заглавие Ч. 1
852 ## - Местоположение
Форматна сигнатура Цб 174867
Фондова буква Хранилище
856 4# - Електронен адрес и достъп
Електронен формат pdf - файл
Път до файла /url/
Инструкция (цена за достъп) 0.00
Права за достъп disable
856 4# - Електронен адрес и достъп
Електронен формат pdf - файл
Път до файла /url/
Инструкция (цена за достъп) 0.00
Права за достъп disable
999 ## - СИСТЕМНИ КОНТРОЛНИ НОМЕРА
Koha biblionumber 184
Koha biblioitemnumber 184
942 ## - АРТИКУЛИ
Вид на библиотечния материал Книги
Скрит в OPAC Не
Периодичен библиозапис Да
944 ## - СЪЗДАВАНЕ И РЕДАКЦИЯ на ЗАПИСА
Създаване/Редакция Създаване
Дата на регистрацията/редакция 15.01.2003
Статус, дата на статуса ф /
Служител, извършил регистрацията/редакцията Людмила_Стоянова
944 ## - СЪЗДАВАНЕ И РЕДАКЦИЯ на ЗАПИСА
Създаване/Редакция Редакция
Дата на регистрацията/редакция 20.04.2010
Статус, дата на статуса ф /
999 ## - СИСТЕМНИ КОНТРОЛНИ НОМЕРА
Koha biblioitemnumber 184
Наличности
Код за отписване Код за изгубен артикул Източник на класификационната схема Код за повреда Коз за рестрикции Код за отдаване Артикулен № Име на библиотеката - собственик Име на библиотеката, в която се намира в момента Статус (Текущо местоположение) Дата на вписване в системата Местоположение - отдел Цена в лева Инвентарен номер Систематично азбучна сигнатура Баркод Номер на екземпляра Цена в евро Служебна бележка Служебен тип на артикула
  Не е изгубен Universal Decimal Classification Не е повреден без рестрикции ползва се в читалня 352 Регионална библиотека "Любен Каравелов" Русе Регионална библиотека "Любен Каравелов" Русе Хранилище 1993-01-01 Хранилище 30.00 595317 Цб 174867 120000595317 1 15.34 Дост: Dp Вид: Д N: стар фонд Дата: 01.01.1993 Книги
Изтеглен Не е изгубен Universal Decimal Classification Не е повреден без рестрикции заемане за дома 353 Регионална библиотека "Любен Каравелов" Русе Регионална библиотека "Любен Каравелов" Русе Детски отдел 1993-01-01 Детски отдел 2.10 593523 ДХ 820/899/М 16 593523 2 1.07 Дост: Pk Вид: Ф N: стар фонд Дата: 01.01.1993 Дата инв: 12.09.2015 Бележки инв: Д2015 Книги
Vip Innovations Ltd, Rousse, Bulgaria 2025